LEADER 01413nam a2200289 i 4500 001 000000365041 003 CaOOAMICUS 005 20251107094832.0 008 251107s2008 xxca u000 u eng u 020 $a978-0-88844-158-4 040 $aSeMil$bita 041 0 $aeng$alat 100 0 $aGualterus : de Chatton,$d<1285?-1343?>.$0(OLS)http://semarc/name/123108 245 00$aLiber 1., distinctiones 3-7 /$cWalter Chatton. 264 1$aToronto, Canada :$bPontifical institute of Mediaeval studies,$c2008. 300 $aXI, 482 p. ;$c25 cm 490 0 $aStudies and texts ;$v158 773 0 $aGualterus : de Chatton, <1285?-1343?>$tLectura super sententias.$dToronto, Canada : Pontifical institute of Mediaeval studies, 2007-2009.$kStudies and texts / Pontifical institute of medieval studies$g2$w()365039 830 0$aStudies and texts / Pontifical institute of medieval studies ;$v158.$0(OLS)http://semarc/title/104084 850 $aSeMil 852 $aSeMil$W1$xVenegono$y1$m2NA U 158$j264356$B255880$CSeMilBibl$Z2$F255880 $81 900 0 $aGualtiero : di Châtillon. 996 $6020$a978-0-88844-158-4$9(OLS)http://semarc/number/304544 996 $6245$aLiber 1., distinctiones 3-7$9(OLS)http://semarc/title/456576 996 $6264$aToronto, Canada :$bPontifical institute of Mediaeval studies$9(OLS)http://semarc/publisher/42608 LEADER 01081nam a2200241 i 4500 001 000000016200 003 CaOOAMICUS 005 20220525123227.0 008 180830n it u000 u ita u 040 $aSeMil$bita 245 02$aI Canti della Patria :$bla lirica patriottica nella letteratura italiana /$craccolta e commentata da Arturo Bini e Giuseppe Fatini. 264 1$aMilano :$bSonzogno,$c[19--] 300 $a2 v. ;$c19 cm. 490 1 $aBiblioteca classica economica 500 $aPosseduto solo il vol. 2 650 4$aLirica patriottica italiana.$0(OLS)http://semarc/subject/28880 700 1 $aFatini, Giuseppe,$d<1884-1963>.$0(OLS)http://semarc/name/6331 700 1 $aBini, Arturo,$d<1872-1944>.$0(OLS)http://semarc/name/7472 774 0 $tVol. 2.$w()147816 830 0$aBiblioteca classica economica.$0(OLS)http://semarc/title/8379 996 $6245$aI Canti della Patria :$bla lirica patriottica nella letteratura italiana$9(OLS)http://semarc/title/21436 996 $6264$aMilano :$bSonzogno$9(OLS)http://semarc/publisher/31743